Total Quality Managemnt (Record no. 235141)

MARC details
000 -LEADER
fixed length control field 00477nam a2200193Ia 4500
008 - FIXED-LENGTH DATA ELEMENTS--GENERAL INFORMATION
fixed length control field 240823s9999||||xx |||||||||||||| ||und||
020 ## - INTERNATIONAL STANDARD BOOK NUMBER
International Standard Book Number 978-93-87093-31-7
082 ## - DEWEY DECIMAL CLASSIFICATION NUMBER
-- 658.562 Q9
100 ## - MAIN ENTRY--PERSONAL NAME
Personal name Sasi Rekha V
245 #0 - TITLE STATEMENT
Title Total Quality Managemnt
250 ## - EDITION STATEMENT
Edition statement 1st
260 ## - PUBLICATION, DISTRIBUTION, ETC. (IMPRINT)
Date of publication, distribution, etc 2019
Name of publisher, distributor, etc Thakur Publication Pv
500 ## - GENERAL NOTE
General note YES
650 ## - SUBJECT ADDED ENTRY--TOPICAL TERM
Topical term or geographic name as entry element Total Quality Management
942 ## - ADDED ENTRY ELEMENTS (KOHA)
Item type Books
Holdings
Withdrawn status Lost status Damaged status Permanent location Current location Date acquired Source of acquisition Cost, normal purchase price Full call number Barcode Date last seen Koha item type
      CENTRAL LIBRARY, NOORUL ISLAM CENTRE FOR HIGHER EDUCATION CENTRAL LIBRARY, NOORUL ISLAM CENTRE FOR HIGHER EDUCATION 11/03/2022 Gift book from Dr.Dev Anand 190.00 658.562 Q9 82888 08/23/2024 Books
Visitors:
Copyright © 2024 Central Library NICHE.  All rights reserved.